JUGADORES DE PRIMERA DIVISIÓN ESPAÑOLA - Estadísticas

Estadísticas generales
  • Esta prueba ha sido intentada 36 veces
    14 desde el último reinicio
  • La puntuación promedio es 88 de 499
Estadísticas de respuestas
Jugador Equipo Dorsal Posición % Correcto
Caleta-Car Real Sociedad 16 DF
78%
Joan García FC Barcelona 13 P
78%
Pedri FC Barcelona 8 MC
78%
Raphinha FC Barcelona 11 D
78%
Camavinga Real Madrid 6 MC
67%
Carvajal Real Madrid 2 DF
67%
Gavi FC Barcelona 6 MC
67%
Lamine Yamal FC Barcelona 10 D
67%
Mbappe Real Madrid 10 D
67%
Oyarzabal Real Sociedad 10 D
67%
Unai Simón Athletic 1 P
67%
Vinicius Jr Real Madrid 7 D
67%
Alex Getafe 18 D
56%
Antonio Sivera Alavés 1 P
56%
Balde FC Barcelona 3 DF
56%
Bellingham Real Madrid 5 MC
56%
Brahim Real Madrid 21 D
56%
Courtois Real Madrid 1 P
56%
De Jong FC Barcelona 21 MC
56%
Fermín Lopéz FC Barcelona 16 MC
56%
Griezmann Atlético de Madrid 7 D
56%
Koke Atlético de Madrid 6 MC
56%
Le Normand Atlético de Madrid 24 DF
56%
Pau Cubarsí FC Barcelona 5 DF
56%
Rodrygo Real Madrid 11 D
56%
Rudiger Real Madrid 22 DF
56%
Ter Stegen FC Barcelona 1 P
56%
Valverde Real Madrid 8 MC
56%
Williams Athletic 9 D
56%
Alaba Real Madrid 4 DF
44%
Álvaro R Elche 20 D
44%
Antony Real Betis 7 D
44%
Araujo FC Barcelona 4 DF
44%
Areso Athletic 12 DF
44%
Asencio Real Madrid 17 DF
44%
Borja Iglesias Celta de Vigo 7 D
44%
Carmona Sevilla 2 DF
44%
Ceballos Real Madrid 19 MC
44%
Eric García FC Barcelona 24 DF
44%
Ferran Torres FC Barcelona 7 D
44%
Giuliano Atlético de Madrid 20 MC
44%
Gonzalo Real Madrid 16 D
44%
Héctor Fort Elche 39 DF
44%
Iago Aspas Celta de Vigo 10 D
44%
Isco Real Betis 22 MC
44%
Isi Palazón Rayo Vallecano 7 MC
44%
John Elche 18 DF
44%
Julián Alvarez Atlético de Madrid 19 D
44%
Kounde FC Barcelona 23 DF
44%
Lucas Real Oviedo 24 DF
44%
Marc Bernal FC Barcelona 22 MC
44%
Mastantuono Real Madrid 30 D
44%
Mendy Rayo Vallecano 32 DF
44%
Mendy Real Madrid 23 DF
44%
Mendy Sevilla 19 MC
44%
M.Llorente Atlético de Madrid 14 MC
44%
Oblak Atlético de Madrid 13 P
44%
Pablo Fornals Real Betis 8 MC
44%
Remiro Real Sociedad 1 P
44%
Robert Lewandowski FC Barcelona 9 D
44%
Santi Cazorla Real Oviedo 8 MC
44%
Víctor Muñoz CA Osasuna 21 D
44%
Yuri Athletic 17 DF
44%
Abel Bretones CA Osasuna 23 DF
33%
Álex Baena Atlético de Madrid 10 MC
33%
Ante Budimir CA Osasuna 17 D
33%
Aramburu Real Sociedad 2 DF
33%
Arda Guler Real Madrid 15 MC
33%
Arrambarri Getafe 8 MC
33%
Berenguer Athletic 7 D
33%
Borja Mayoral Getafe 9 D
33%
Bryan Girona 21 D
33%
Bryan Zaragoza Celta de Vigo 15 D
33%
Carles Aleña Alavés 10 MC
33%
Carlos Álvarez Levante 24 MC
33%
Carlos Espí Levante 19 D
33%
Carlos.M Atlético de Madrid 12 D
33%
Christensen FC Barcelona 15 DF
33%
Cucho Real Betis 19 D
33%
Dani Olmo FC Barcelona 20 MC
33%
Ejuke Sevilla 21 D
33%
Ez Abde Real Betis 10 D
33%
Fran García Real Madrid 20 DF
33%
Hancko Atlético de Madrid 17 DF
33%
Héctor Bellerín Real Betis 2 D
33%
Huijsen Real Madrid 24 DF
33%
Iñaki Peña Elche 13 P
33%
I. Romero Levante 9 D
33%
Isaac Sevilla 7 D
33%
Javi Galán Atlético de Madrid 21 DF
33%
J.M.Giménez Atlético de Madrid 2 DF
33%
J.Musso Atlético de Madrid 1 P
33%
Johnny Atlético de Madrid 5 MC
33%
Jon Pacheco Alavés 5 DF
33%
Kike RCD Espanyol 19 D
33%
Laporte Athletic 14 DF
33%
Lenglet Atlético de Madrid 15 DF
33%
Lo Celso Real Betis 20 MC
33%
Luis Milla Getafe 5 MC
33%
Lunin Real Madrid 13 P
33%
Marc Casadó FC Barcelona 17 MC
33%
Marcos Alonso Celta de Vigo 20 DF
33%
Marc Pubill Atlético de Madrid 18 DF
33%
Militao Real Madrid 3 DF
33%
Mingueza Celta de Vigo 3 DF
33%
Molina Atlético de Madrid 16 DF
33%
Nico Atlético de Madrid 23 MC
33%
Nico Williams Athletic 10 D
33%
O.Sancet Athletic 8 MC
33%
Paredes Athletic 4 DF
33%
Pere Milla RCD Espanyol 11 D
33%
Puado RCD Espanyol 7 D
33%
Rashford FC Barcelona 14 D
33%
Riquelme Real Betis 17 D
33%
Romero RCD Espanyol 22 DF
33%
Ruggeri Atlético de Madrid 3 DF
33%
Sergio Herrera CA Osasuna 1 P
33%
Soler Real Sociedad 18 MC
33%
Stuani Girona 7 D
33%
Szczesny FC Barcelona 25 P
33%
Take Real Sociedad 14 D
33%
Tchouameni Real Madrid 14 MC
33%
Vivian Athletic 3 DF
33%
Yeray Athletic 5 DF
33%
Youssef Enriquez Alavés 3 DF
33%
Aaron Real Oviedo 13 P
22%
Affengruber Elche 22 DF
22%
Agirrezabala Valencia 25 P
22%
Aimar Oroz CA Osasuna 10 MC
22%
Aitor Fernández CA Osasuna 13 P
22%
Aitor Ruibal Real Betis 24 D
22%
A. J. Morales Levante 11 D
22%
Alejandro Catena CA Osasuna 24 DF
22%
Almada Atlético de Madrid 11 D
22%
Alti Villareal 3 DF
22%
Álvaro Carreras Real Madrid 18 DF
22%
Álvaro Valles Real Betis 1 P
22%
Antonio Blanco Alavés 8 MC
22%
Ayoze Villareal 22 D
22%
Azpilicueta Sevilla 3 DF
22%
Bakambu Real Betis 11 D
22%
Bardghji FC Barcelona 28 D
22%
Barrene Real Sociedad 7 D
22%
Barrios Atlético de Madrid 8 MC
22%
Boyomo CA Osasuna 22 DF
22%
Cardoso Sevilla 15 DF
22%
Carlos Vicente Alavés 7 MC
22%
Carl Starfelt Celta de Vigo 2 DF
22%
Dani Rodríguez RCD Mallorca 14 MC
22%
De Frutos Rayo Vallecano 19 D
22%
Diego Conde Villareal 13 P
22%
Diego LLorente Real Betis 3 D
22%
Diego López Valencia 16 D
22%
Dimitrievski Valencia 1 P
22%
Djene Getafe 2 DF
22%
Dmitrovic RCD Espanyol 13 P
22%
Etta Eyong Levante 21 D
22%
Ferran Jutglá Celta de Vigo 9 D
22%
Gallagher Atlético de Madrid 4 MC
22%
Gayá Valencia 14 DF
22%
Gazzaniga Girona 13 P
22%
Gorosabel Athletic 2 DF
22%
Gudelj Sevilla 6 MC
22%
Guedes Real Sociedad 11 D
22%
Hassan Real Oviedo 10 MC
22%
Herrera Real Sociedad 12 MC
22%
Hugo Duro Valencia 9 D
22%
Iglesias Getafe 21 DF
22%
Jonny Otto Alavés 17 DF
22%
Juan Cruz CA Osasuna 3 DF
22%
Juanlu Sevilla 16 MC
22%
Lejeune Rayo Vallecano 24 DF
22%
Leo Román RCD Mallorca 1 P
22%
Lucas Beltrán Valencia 15 MC
22%
Luis Rioja Valencia 11 D
22%
Luiz Felipe Rayo Vallecano 5 DF
22%
M.Aguado Elche 8 MC
22%
Mariano Díaz Alavés 9 D
22%
Matías Moreno Levante 2 DF
22%
Mauro CA Osasuna 26 MC
22%
Mojica RCD Mallorca 22 DF
22%
Moleiro Villareal 20 MC
22%
Muriqi RCD Mallorca 7 D
22%
Nahuel Tenaglia Alavés 14 DF
22%
Natan Real Betis 4 D
22%
Nyland Sevilla 13 P
22%
Óscar V. Rayo Vallecano 23 MC
22%
Óskarsson Real Sociedad 9 D
22%
Pablo García Real Betis 52 D
22%
Pablo Maffeo RCD Mallorca 23 DF
22%
Padilla Athletic 27 P
22%
Pau López Real Betis 15 P
22%
Pepe Villareal 19 D
22%
Pepelu Valencia 18 MC
22%
Rafa Mir Elche 10 D
22%
Raíllo RCD Mallorca 21 DF
22%
Raspadori Atlético de Madrid 22 D
22%
Raúl Fernández Alavés 13 P
22%
Rico Getafe 16 DF
22%
Rubén RCD Espanyol 2 DF
22%
Ruben García CA Osasuna 14 MC
22%
Sadiq Real Sociedad 15 D
22%
Sergi Altimira Real Betis 6 MC
22%
Sergi Darder RCD Mallorca 10 MC
22%
Sorloth Atlético de Madrid 9 D
22%
Sucic Real Sociedad 24 MC
22%
Trent Real Madrid 12 DF
22%
Valentin Rosier CA Osasuna 19 DF
22%
Vázquez Valencia 21 DF
22%
Vencedor Levante 12 MC
22%
Víctor Parada Alavés 24 DF
22%
Abdón Prats RCD Mallorca 9 D
11%
Adama Athletic 19 DF
11%
Adrián Real Betis 13 P
11%
Agoumé Sevilla 18 MC
11%
Akor Sevilla 9 D
11%
Alberto Flores Sevilla 31 P
11%
Alex Batalla Rayo Vallecano 13 P
11%
Alexis Sánchez Sevilla 10 D
11%
Álex Moreno Girona 24 DF
11%
Alfon Sevilla 17 D
11%
Almeida Valencia 10 MC
11%
Álvaro García Rayo Vallecano 18 MC
11%
Ander Guevara Alavés 6 MC
11%
Andrei Rayo Vallecano 2 DF
11%
Ángel Ortiz Real Betis 40 D
11%
Arnau Girona 4 DF
11%
Arnau Tenas Villareal 25 P
11%
Balliu Rayo Vallecano 20 DF
11%
Baptiste Valencia 22 MC
11%
Bigas Elche 6 DF
11%
Blind Girona 17 DF
11%
Buchanan Villareal 17 D
11%
Camello Rayo Vallecano 10 D
11%
Cárdenas Rayo Vallecano 1 P
11%
Cardona Villareal 23 DF
11%
Carlos Protesoni Alavés 23 MC
11%
Castrín Sevilla 32 DF
11%
C. da Costa Getafe 20 D
11%
Chimy Ávila Real Betis 9 D
11%
Comert Valencia 24 DF
11%
Copete Valencia 3 DF
11%
Costa Villareal 2 DF
11%
Damián Celta de Vigo 14 MD
11%
Dani Calvo Real Oviedo 12 DF
11%
Dani Raba Valencia 19 D
11%
Danjuma Valencia 7 D
11%
David Soria Getafe 13 P
11%
Davinchi Getafe 26 DF
11%
De Galarreta Athletic 16 MC
11%
Dela Levante 4 DF
11%
Diakhaby Valencia 4 DF
11%
Domingos Getafe 22 DF
11%
Domingues Real Oviedo 17 MC
11%
El Hilali RCD Espanyol 23 DF
11%
Endrick Real Madrid 9 D
11%
Ferllo Sevilla 25 P
11%
Foulquier Valencia 20 DF
11%
Foyth Villareal 8 DF
11%
Fran Beltrán Celta de Vigo 8 MD
11%
Fran Pérez Rayo Vallecano 21 D
11%
Gerard Martín FC Barcelona 18 DF
11%
Germán Valera Elche 11 MC
11%
Gorrotxa Real Sociedad 4 MC
11%
Gueye Villareal 18 MC
11%
Guruzeta Athletic 11 D
11%
Hierro Athletic 31 D
11%
Iker Benito CA Osasuna 2 D
11%
Iker Muñoz CA Osasuna 8 MC
11%
Ilaix Moriba Celta de Vigo 6 MD
11%
I.Lekue Athletic 15 DF
11%
Iturbe Elche 45 P
11%
Iván Villar Celta de Vigo 1 P
11%
Januzaj Sevilla 24 MC
11%
Jauregizar Athletic 18 MC
11%
Javi Guerra Valencia 8 MC
11%
Javi Rueda Celta de Vigo 17 DF
11%
Jon Guridi Alavés 18 MC
11%
Jon Moncayola CA Osasuna 7 MC
11%
Jordán Sevilla 8 MC
11%
Jorge Herrando CA Osasuna 5 DF
11%
Josan Elche 17 MC
11%
Juanmi Getafe 7 D
11%
Junior Real Betis 23 D
11%
Junior Villareal 1 P
11%
Kike Barja CA Osasuna 11 D
11%
Kike Salas Sevilla 4 DF
11%
Kiko F. Getafe 17 DF
11%
Kwasi Sibo Real Oviedo 6 MC
11%
Liso Getafe 23 D
11%
Lucas Boyé Alavés 15 D
11%
Lucas Torró CA Osasuna 6 MC
11%
Manu Bueno Sevilla 28 MC
11%
Marc Roca Real Betis 21 MC
11%
Mario Martín Getafe 6 MC
11%
Maroan Athletic 21 D
11%
Mateu Jaume RCD Mallorca 2 DF
11%
Mendoza Elche 30 MC
11%
Miguel Rubio RCD Espanyol 15 DF
11%
Mikautadze Villareal 9 D
11%
Moi Gómez CA Osasuna 16 D
11%
Morlanes RCD Mallorca 8 MC
11%
Moussa Diarra Alavés 22 DF
11%
Mumin Rayo Vallecano 16 DF
11%
Nacho Vidal Real Oviedo 22 DF
11%
Navarro Athletic 23 D
11%
Nianzou Sevilla 5 DF
11%
Nyom Getafe 12 DF
11%
Odriozola Real Sociedad 20 DF
11%
Odysseas Sevilla 1 P
11%
Pablo Durán Celta de Vigo 18 D
11%
Pablo Ibañez Alavés 19 MC
11%
Pacha Rayo Vallecano 22 DF
11%
Parejo Villareal 10 MC
11%
Parejo Villareal 10 D
11%
Partey Villareal 16 MC
11%
Pathé Ciss Rayo Vallecano 6 MC
11%
Pedroarena CA Osasuna 27 D
11%
Peque Sevilla 14 D
11%
P.Martínez Levante 10 MC
11%
Portu Girona 8 D
11%
Radu Celta de Vigo 13 P
11%
Rafa Marín Villareal 4 DF
11%
Ramazani Valencia 17 D
11%
Ramón Martínez Sevilla 22 DF
11%
Raúl García CA Osasuna 9 D
11%
Reina Real Oviedo 5 MC
11%
Renato Veiga Villareal 12 DF
11%
Rendall Valencia 12 DF
11%
Ricardo Rodríguez Real Betis 12 D
11%
Ristic Celta de Vigo 21 DF
11%
Rivero Valencia 13 P
11%
Rondón Real Oviedo 23 D
11%
Samu Costa RCD Mallorca 12 MC
11%
Santi Villareal 14 MC
11%
S.Becker CA Osasuna 18 D
11%
Solomon Villareal 6 D
11%
Sow Sevilla 20 MC
11%
Stamatakis CA Osasuna 31 P
11%
Suazo Sevilla 12 DF
11%
Swedberg Celta de Vigo 19 D
11%
Tárrega Valencia 5 DF
11%
Thomas Lemar Girona 11 MC
11%
Toni Martinez Alavés 11 D
11%
Tsygankov Girona 15 D
11%
Unai López Rayo Vallecano 17 MC
11%
Valjent RCD Mallorca 24 DF
11%
Van de Beek Girona 6 MC
11%
Vargas Sevilla 11 MC
11%
Witsel Girona 20 MC
11%
Zubeldia Real Sociedad 5 DF
11%
Abdel Abqar Getafe 3 DF
0%
Abderrahmane Rebbach Alavés 21 MC
0%
Abel Ruiz Girona 9 D
0%
Adriá Pedrosa Elche 3 DF
0%
Aihen Real Sociedad 3 DF
0%
Akhomach Villareal 11 D
0%
Alemao Rayo Vallecano 9 D
0%
Álex Primo Levante 32 P
0%
Álvaro Nuñez Elche 15 DF
0%
Amrabat Real Betis 14 MC
0%
André da Silva Elche 9 D
0%
Ángel Fortuno RCD Espanyol 1 P
0%
Antonio Sánchez RCD Mallorca 6 MC
0%
Aritz Real Sociedad 6 DF
0%
Arriaga Levante 16 MC
0%
Asier Osamblea CA Osasuna 29 MC
0%
Asprilla Girona 10 D
0%
Bambo Diaby Elche 4 DF
0%
Brais Méndez Real Sociedad 23 MC
0%
Brekalo Real Oviedo 18 MC
0%
Cabello Levante 14 DF
0%
Cabrera RCD Espanyol 6 DF
0%
Calebe Gonçalves Alavés 20 MC
0%
Calero RCD Espanyol 5 DF
0%
Chust Elche 23 DF
0%
Colombatto Real Oviedo 11 MC
0%
David Carmo Real Oviedo 16 DF
0%
David López Girona 5 DF
0%
David Lopéz RCD Mallorca 27 DF
0%
Davis Costas Real Oviedo 4 DF
0%
Dendoncker Real Oviedo 20 MC
0%
Denis Suárez Alavés 4 MC
0%
Deossa Real Betis 18 MC
0%
Diego Méndez Rayo Vallecano 29 MC
0%
Dituro Elche 1 P
0%
Dolan RCD Espanyol 24 D
0%
Domínguez Celta de Vigo 24 DF
0%
Edu Expósito RCD Espanyol 8 MC
0%
Egiluz Athletic - DF
0%
Ejaria Real Oviedo 14 MC
0%
Elgezabal Levante 5 DF
0%
Eric Bailly Real Oviedo 2 DF
0%
Febas Elche 14 MC
0%
Fede Viñas Real Oviedo 9 D
0%
Flip Ugrinic Valencia 23 MC
0%
Forés Real Oviedo 19 D
0%
Francés Girona 16 DF
0%
Franco Cervi Celta de Vigo 11 D
0%
Gerard Moreno Villareal 7 D
0%
Goti Real Sociedad 22 MC
0%
Grady Diangana Elche 19 MC
0%
Gumbau Rayo Vallecano 15 MC
0%
Hugo Álvarez Celta de Vigo 23 D
0%
Hugo Rincón Girona 2 DF
0%
Hugo Sotelo Celta de Vigo 22 MD
0%
Ibon Sánchez Athletic 35 MC
0%
Ilic Real Oviedo 21 MC
0%
Ilyas Chaira Real Oviedo 7 MC
0%
Iván Martín Girona 23 MC
0%
Izeta Athletic 25 D
0%
Jan Virgili RCD Mallorca 17 D
0%
Javi Hernández RCD Espanyol 27 D
0%
Javi Llabrés RCD Mallorca 19 D
0%
Javi López Real Oviedo 25 DF
0%
Javi Muñoz Getafe 14 MC
0%
Joel Roca Girona 3 D
0%
Jofre RCD Espanyol 17 D
0%
Jon Martín Real Sociedad 31 DF
0%
Joseph Aidoo Celta de Vigo 4 DF
0%
Jozhua Rayo Vallecano 33 DF
0%
Juan Carlos Girona 1 P
0%
Kamara Getafe 11 D
0%
Kambwala Villareal 5 DF
0%
Karrikaburu Real Sociedad 19 D
0%
Koleosho RCD Espanyol 16 D
0%
Koyalipou Levante 15 D
0%
Kumbulla RCD Mallorca 4 DF
0%
Lander Pinillos Alavés 28 MC
0%
Letacek Getafe 1 P
0%
Livakovic Girona 1 P
0%
Losada Levante 18 D
0%
Lucas Bergstrom RCD Mallorca 13 P
0%
Manu Fernández Celta de Vigo 12 DF
0%
Manu Sánchez Levante 23 DF
0%
Marc Barta Real Betis 5 D
0%
Marc Vidal Celta de Vigo 25 P
0%
Margao Sevilla 23 DF
0%
Marín Real Sociedad 28 MC
0%
Marrero Real Sociedad 13 P
0%
Mateo Joseph RCD Mallorca 18 D
0%
Matturro Levante 3 DF
0%
Miguel Román Celta de Vigo 16 MD
0%
Moldovan Real Oviedo 1 P
0%
Mouriño Villareal 15 DF
0%
Neto Elche 16 MC
0%
Neyou Getafe 4 MC
0%
Nico Serrano Athletic 22 D
0%
Nikola Maras Alavés 12 DF
0%
Nteka Rayo Vallecano 11 D
0%
Oier Luengo Real Oviedo 15 DF
0%
Olasa Levante 8 MC
0%
Oluwaseyi Villareal 21 D
0%
Omar Macarrell RCD Mallorca 5 MC
0%
O.Rey Levante 20 MC
0%
Ounahi Girona 18 MC
0%
Pablo Torre RCD Mallorca 20 MC
0%
Pampín Levante 6 DF
0%
Pau Navarro Villareal 26 DF
0%
P. Campos Levante 1 P
0%
Pedraza Villareal 24 DF
0%
Pedro Díaz Rayo Vallecano 4 MC
0%
Pep Chevarría Rayo Vallecano 3 DF
0%
Petrot Elche 21 DF
0%
Pichu Cuellar RCD Mallorca 25 P
0%
Pickel RCD Espanyol 18 MC
0%
Pol Lozano RCD Espanyol 10 MC
0%
Pol Trsitán RCD Espanyol 30 P
0%
Prados Athletic 24 MC
0%
Rahim Alhssane Real Oviedo 3 DF
0%
R. Bruegué Levante 7 D
0%
Redondo Elche 5 MC
0%
Rego Athletic 30 MC
0%
Riedel RCD Espanyol 38 DF
0%
Roberto RCD Espanyol 9 D
0%
Roca RCD Espanyol 20 D
0%
Rupérez Real Sociedad 33 DF
0%
Ryan Levante 13 P
0%
Salinas RCD Espanyol 12 DF
0%
Selton Athletic 44 MC
0%
Sergio Carreira Celta de Vigo 5 DF
0%
Sergio Gómez Real Sociedad 17 DF
0%
Solís Girona 22 MC
0%
Takuma Asano RCD Mallorca 11 D
0%
Terrats RCD Espanyol 14 MC
0%
Toljan Levante 22 DF
0%
Toni Lato RCD Mallorca 3 DF
0%
Trejo JP Rayo Vallecano 8 MC
0%
Turrientes Real Sociedad 8 MC
0%
Unai Gómez Athletic 20 MC
0%
Urko RCD Espanyol 4 MC
0%
Valentín Gómez Real Betis 16 D
0%
Vanat Girona 19 D
0%
Vesga Athletic 6 MC
0%
Víctor García Levante 17 DF
0%
Vitor Reis Girona 12 DF
0%
Vlad Girona 25 P
0%
Y. Santiago Elche 7 MC
0%
Zakharyan Real Sociedad 21 MC
0%
No se encontraron pruebas coincidentes
Distribución de puntuación
Porcentaje de gente con cada puntuación
Porcentaje por número respondido
Historial de tus puntuaciones
No has intentado esta prueba desde el último reinicio